[Event "2ème Open International de Haute-Bretag"]
[Site "Rennes"]
[Date "2009.??.??"]
[Round "8.33"]
[White "Le Gallo, Frederic"]
[Black "Madeline, Nicolas"]
[Result "1-0"]
[WhiteElo "2041"]
[BlackElo "1653"]
[PlyCount "71"]
[EventDate "2009.08.21"]
[EventType "swiss"]
[EventRounds "9"]
[EventCountry "FRA"]

1. e4 e5 2. Nf3 Nc6 3. Bb5 a6 4. Ba4 Nf6 5. O-O b5 6. Bb3 Bc5 7. c3 O-O 8. d4
exd4 9. cxd4 Bb4 10. e5 Ne4 11. d5 Nxf2 12. Kxf2 Nxe5 13. Nxe5 Bc5+ 14. Be3
Qf6+ 15. Nf3 Bxe3+ 16. Kxe3 Qxb2 17. Nbd2 Qc3+ 18. Kf4 Qf6+ 19. Kg3 Qg6+ 20.
Kf2 Qb6+ 21. Kg3 Qg6+ 22. Kf4 Re8 23. Re1 Qd6+ 24. Kg4 Qg6+ 25. Kh4 Qf6+ 26.
Kg3 Qg6+ 27. Kf2 Qb6+ 28. Kf1 Rxe1+ 29. Qxe1 Bb7 30. Qe7 c5 31. dxc6 Qxc6 32.
Qxf7+ Kh8 33. Re1 g5 34. Re8+ Rxe8 35. Qxe8+ Kg7 36. Qg8+ 1-0

[Event "2ème Open International de Haute-Bretag"]
[Site "Rennes"]
[Date "2009.??.??"]
[Round "8.34"]
[White "Ferrandi, Bernard"]
[Black "Primault, Loic"]
[Result "1/2-1/2"]
[WhiteElo "1912"]
[BlackElo "1591"]
[PlyCount "95"]
[EventDate "2009.08.21"]
[EventType "swiss"]
[EventRounds "9"]
[EventCountry "FRA"]

1. e4 d5 2. exd5 Nf6 3. d4 Nxd5 4. Nf3 g6 5. Bc4 Bg7 6. O-O O-O 7. Bb3 e6 8. c4
Nf6 9. Nc3 Na6 10. h3 c5 11. d5 exd5 12. cxd5 Bd7 13. Bg5 Qc8 14. Kh2 c4 15.
Bc2 b5 16. a3 Nc5 17. Ne5 Bf5 18. Nc6 Re8 19. Nxb5 Qd7 20. Bxf5 gxf5 21. Nc3
Nd3 22. Qf3 Ne4 23. Nxe4 Rxe4 24. Qg3 Kh8 25. Rad1 Qxd5 26. Nb4 Qd7 27. Nxd3
cxd3 28. Rxd3 Qb5 29. Rfd1 Rae8 30. b4 f4 31. Bxf4 Rxf4 32. Rd5 Qb8 33. Kg1 h6
34. Rd8 Rxd8 35. Rxd8+ Qxd8 36. Qxf4 Qe7 37. Qe3 Qxe3 38. fxe3 Bb2 39. a4 Bc3
40. b5 Kg7 41. Kf2 Kf6 42. Ke2 Ke5 43. Kd3 Ba5 44. g3 h5 45. e4 Be1 46. Ke3
Bxg3 47. a5 Kd6 48. Kd4 1/2-1/2

[Event "2ème Open International de Haute-Bretag"]
[Site "Rennes"]
[Date "2009.??.??"]
[Round "8.36"]
[White "Roussel, Yannis"]
[Black "Crahan, Alan"]
[Result "0-1"]
[WhiteElo "1586"]
[BlackElo "1867"]
[PlyCount "82"]
[EventDate "2009.08.21"]
[EventType "swiss"]
[EventRounds "9"]
[EventCountry "FRA"]

1. e4 d6 2. d4 Nf6 3. f3 g6 4. c4 Bg7 5. Bg5 O-O 6. Nc3 c6 7. Qd2 e5 8. d5 c5
9. Be2 Na6 10. g4 Rb8 11. h4 Bd7 12. h5 Nc7 13. hxg6 fxg6 14. Bd3 Rf7 15. Qh2
Bf8 16. Nh3 b5 17. cxb5 Nxb5 18. Bxb5 Bxb5 19. f4 exf4 20. Nxf4 Nxg4 21. Qh4
Qd7 22. Nxg6 Nf2 23. Nxf8 Rbxf8 24. Rh2 Nd3+ 25. Kd2 Rf2+ 26. Rxf2 Rxf2+ 27.
Ke3 Qf7 28. Qg3 Kh8 29. Rg1 Ba6 30. Nd1 Rf1 31. Rxf1 Qxf1 32. Nf2 Qc1+ 33. Kf3
Ne1+ 34. Kg4 Be2+ 35. Kh3 Qxb2 36. Qxd6 Bf1+ 37. Kg3 Qc3+ 38. Kf4 Qf3+ 39. Ke5
Qg3+ 40. Ke6 Qxg5 41. Qf8+ Qg8+ 0-1

[Event "2ème Open International de Haute-Bretag"]
[Site "Rennes"]
[Date "2009.??.??"]
[Round "8.37"]
[White "Glory, Alain"]
[Black "Dupitier, Mickael"]
[Result "0-1"]
[WhiteElo "1430"]
[BlackElo "1864"]
[PlyCount "32"]
[EventDate "2009.08.21"]
[EventType "swiss"]
[EventRounds "9"]
[EventCountry "FRA"]

1. d4 d5 2. c4 c6 3. Nc3 Nf6 4. cxd5 cxd5 5. Bg5 e6 6. e3 Be7 7. Bd3 O-O 8.
Nge2 Nc6 9. O-O Bd6 10. f4 h6 11. Bh4 g6 12. e4 dxe4 13. Nxe4 Be7 14. Qd2 Nxd4
15. Bf2 Nxe4 16. Bxe4 Nf3+ 0-1

[Event "2ème Open International de Haute-Bretag"]
[Site "Rennes"]
[Date "2009.??.??"]
[Round "8.39"]
[White "Siclet, Mathieu"]
[Black "Belouassa, Aurelien"]
[Result "1-0"]
[WhiteElo "1816"]
[BlackElo "1550"]
[PlyCount "57"]
[EventDate "2009.08.21"]
[EventType "swiss"]
[EventRounds "9"]
[EventCountry "FRA"]

1. e4 e6 2. d4 d5 3. e5 c5 4. c3 Qb6 5. Bd3 Bd7 6. Nf3 Nc6 7. O-O cxd4 8. cxd4
Nxd4 9. Nxd4 Qxd4 10. Nc3 Bb4 11. Nb5 Qb6 12. Qg4 Bf8 13. Be3 Qd8 14. Nd6+ Bxd6
15. Qxg7 Bxe5 16. Qxe5 Qf6 17. Qc7 b6 18. Qb7 Rc8 19. Rfc1 Ne7 20. Qxa7 b5 21.
Qb7 Qxb2 22. Rab1 Qe5 23. Bxb5 Rxc1+ 24. Rxc1 Bxb5 25. Qxb5+ Nc6 26. Qxc6+ Ke7
27. Qc5+ Qd6 28. Bg5+ Kd7 29. Qa7+ 1-0

[Event "2ème Open International de Haute-Bretag"]
[Site "Rennes"]
[Date "2009.??.??"]
[Round "8.43"]
[White "Dujardin, Bernard"]
[Black "Guisset, Philippe"]
[Result "0-1"]
[WhiteElo "1745"]
[BlackElo "1985"]
[PlyCount "74"]
[EventDate "2009.08.21"]
[EventType "swiss"]
[EventRounds "9"]
[EventCountry "FRA"]

1. d4 d6 2. Bf4 Nd7 3. Nf3 e5 4. dxe5 dxe5 5. Bxe5 Qe7 6. Bc3 Nc5 7. e3 Bg4 8.
Be2 Rd8 9. Nd4 h5 10. Bxg4 hxg4 11. Qxg4 Nf6 12. Qf3 Nce4 13. O-O g6 14. Nd2
Nxd2 15. Bxd2 c5 16. Bc3 Qd6 17. g3 cxd4 18. exd4 Nd5 19. Rfe1+ Be7 20. Bd2 b5
21. Rac1 Kf8 22. b3 b4 23. Re5 Kg7 24. Rce1 Bf6 25. R5e4 Qb6 26. c3 bxc3 27.
Bxc3 Qc6 28. Bb2 Qa6 29. a3 Qb6 30. Kg2 Rb8 31. b4 a5 32. R4e2 Qb7 33. Ba1 Nf4+
34. gxf4 Rxh2+ 35. Kg3 Rh3+ 36. Kxh3 Qxf3+ 37. Kh2 Rh8+ 0-1

[Event "2ème Open International de Haute-Bretag"]
[Site "Rennes"]
[Date "2009.??.??"]
[Round "8.46"]
[White "Ledent, Philippe"]
[Black "Payoux, Tanguy"]
[Result "1-0"]
[WhiteElo "1857"]
[BlackElo "1340"]
[PlyCount "99"]
[EventDate "2009.08.21"]
[EventType "swiss"]
[EventRounds "9"]
[EventCountry "FRA"]

1. d4 d5 2. c4 e6 3. Nc3 Nf6 4. Nf3 c6 5. e3 Bb4 6. a3 Qa5 7. Bd2 Bxc3 8. Bxc3
Qc7 9. Bd3 Nbd7 10. b3 O-O 11. O-O Re8 12. Rc1 b6 13. Bb2 c5 14. cxd5 exd5 15.
dxc5 bxc5 16. Re1 Bb7 17. Nd4 Qe5 18. f4 Qh5 19. Qxh5 Nxh5 20. Nf5 Re6 21. g4
Nhf6 22. h3 Rae8 23. Kf2 g6 24. Nh6+ Kf8 25. g5 Ne4+ 26. Ke2 d4 27. Bc4 Ba6 28.
Bxa6 Rxa6 29. Ng4 dxe3 30. Nxe3 Rae6 31. Kf3 Nd2+ 32. Kf2 Nxb3 33. Rcd1 Nb6 34.
Be5 c4 35. Ng4 Rc6 36. Bd6+ Rxd6 37. Rxd6 Rc8 38. Re2 c3 39. Ne3 Na1 40. Nc2
Nxc2 41. Rxc2 Na4 42. Rd4 Nb2 43. Kf3 Kg7 44. Rd7 a5 45. Ke4 Rc4+ 46. Rd4 Rxd4+
47. Kxd4 Nd1 48. Rc1 c2 49. Rxc2 f6 50. Rc7+ 1-0

[Event "2ème Open International de Haute-Bretag"]
[Site "Rennes"]
[Date "2009.??.??"]
[Round "8.47"]
[White "Le Goff, Thierry"]
[Black "Payoux, Auriane"]
[Result "1-0"]
[WhiteElo "1798"]
[BlackElo "1460"]
[PlyCount "75"]
[EventDate "2009.08.21"]
[EventType "swiss"]
[EventRounds "9"]
[EventCountry "FRA"]

1. e4 e5 2. Nf3 Nc6 3. Bb5 a6 4. Ba4 b5 5. Bb3 Nf6 6. O-O Bc5 7. c3 O-O 8. d4
Bb6 9. Bg5 d6 10. h3 Re8 11. dxe5 Nxe5 12. Nxe5 Rxe5 13. Bxf6 Qxf6 14. Nd2 Qg6
15. Qf3 Rg5 16. e5 Rg3 17. Qxa8 Qf5 18. exd6 cxd6 19. Rae1 Kf8 20. Qc6 Qd7 21.
Qxd7 Bxd7 22. Kh2 Rd3 23. Ne4 f6 24. Bc2 Rd5 25. Rd1 Re5 26. f4 Re8 27. Rxd6
Be3 28. Rxd7 h6 29. Nd6 Re6 30. Rd8+ Ke7 31. Nb7 Bb6 32. Rd5 Bc7 33. Bf5 Re3
34. Rd7+ Ke8 35. Rxc7 Kf8 36. Bg6 Re7 37. Rc8+ Re8 38. Rxe8# 1-0

[Event "2ème Open International de Haute-Bretag"]
[Site "Rennes"]
[Date "2009.07.21"]
[Round "9.9"]
[White "Piankov, Evgenij"]
[Black "Aubry, Yannis"]
[Result "1-0"]
[WhiteElo "2356"]
[BlackElo "1954"]
[PlyCount "109"]
[EventDate "2009.08.21"]
[EventType "swiss"]
[EventRounds "9"]
[EventCountry "FRA"]

1. d4 Nf6 2. Nf3 g6 3. Bg5 Bg7 4. Nbd2 O-O 5. e4 d5 6. exd5 Nxd5 7. Bc4 h6 8.
Be3 Nxe3 9. fxe3 c5 10. c3 Nc6 11. O-O e5 12. dxc5 Qe7 13. b4 Be6 14. Qb3 Bxc4
15. Nxc4 e4 16. Nd4 Ne5 17. Nxe5 Bxe5 18. Rf2 Qh4 19. g3 Bxg3 20. hxg3 Qxg3+
21. Kf1 Qxe3 22. Re1 Qh3+ 23. Rg2 Qh1+ 24. Kf2 Qh4+ 25. Ke2 Kh7 26. Reg1 Qh5+
27. Kd2 Rae8 28. Kc1 Re7 29. Qd1 Qe5 30. Qg4 a5 31. Rh1 Rh8 32. Rgh2 Kg7 33.
Rh5 Qf6 34. Rf5 Qa6 35. b5 Qa8 36. Rd5 Kf8 37. c6 Qe8 38. Rd7 f5 39. Rf1 Rhh7
40. Rxb7 Rxb7 41. cxb7 Rxb7 42. Qf4 Kg7 43. a4 Qe7 44. Kb2 Qf6 45. Rd1 Kh7 46.
Nb3 g5 47. Rd6 Qxc3+ 48. Kxc3 gxf4 49. Rf6 Rg7 50. Rxf5 Rg3+ 51. Kc4 Rf3 52. b6
e3 53. Nd4 Rf2 54. b7 Rb2 55. Rb5 1-0

[Event "2ème Open International de Haute-Bretag"]
[Site "Rennes"]
[Date "2009.07.21"]
[Round "9.17"]
[White "Pozuelo, Jose"]
[Black "Geffroy, Leo"]
[Result "1/2-1/2"]
[WhiteElo "2080"]
[BlackElo "1662"]
[PlyCount "106"]
[EventDate "2009.08.21"]
[EventType "swiss"]
[EventRounds "9"]
[EventCountry "FRA"]

1. d4 Nf6 2. Nf3 g6 3. h3 Bg7 4. Bf4 d5 5. e3 O-O 6. Bd3 Nbd7 7. O-O c5 8. c3
c4 9. Bc2 Nb6 10. b3 Bf5 11. Nbd2 Bxc2 12. Qxc2 Rc8 13. bxc4 Nxc4 14. Nxc4 Rxc4
15. Ne5 Rc8 16. Qb3 b6 17. f3 e6 18. c4 Nh5 19. cxd5 Nxf4 20. exf4 exd5 21.
Rac1 Qd6 22. Qb5 Rxc1 23. Rxc1 Qa3 24. Rc7 Qe3+ 25. Kf1 Qxd4 26. Rxa7 Qxf4 27.
Nd3 Qc4 28. a4 Rc8 29. Rb7 Bd4 30. Qxc4 dxc4 31. Nb4 Ra8 32. Nc6 Bc5 33. a5
bxa5 34. Rb5 Bb4 35. Nxb4 axb4 36. Rxb4 Rc8 37. Ke2 Kg7 38. Kd2 Kf6 39. Kc3 Kg5
40. Rb7 Kf6 41. Rb6+ Ke7 42. Rb4 Kf6 43. Rb6+ Kg7 44. Rb4 Kh6 45. Rxc4 Rxc4+
46. Kxc4 Kg5 47. g3 f5 48. f4+ Kh5 49. Kd4 g5 50. Ke5 Kg6 51. h4 g4 52. Ke6 h6
53. Ke5 Kh5 1/2-1/2

[Event "2ème Open International de Haute-Bretag"]
[Site "Rennes"]
[Date "2009.07.21"]
[Round "9.1"]
[White "Foisor, Cristina Adela B"]
[Black "Okhotnik, Vladimir"]
[Result "1/2-1/2"]
[WhiteElo "2424"]
[BlackElo "2449"]
[PlyCount "38"]
[EventDate "2009.08.21"]
[EventType "swiss"]
[EventRounds "9"]
[EventCountry "FRA"]

1. c4 c5 2. g3 g6 3. Bg2 Bg7 4. Nc3 Nc6 5. e3 e6 6. Nge2 Nge7 7. O-O O-O 8. d4
cxd4 9. exd4 d5 10. cxd5 Nxd5 11. Nxd5 exd5 12. Qb3 Be6 13. Be3 Qb6 14. Qxb6
axb6 15. Rfc1 Rfc8 16. a3 Bf6 17. h4 Be7 18. Kf1 h5 19. Ke1 Kf8 1/2-1/2

[Event "2ème Open International de Haute-Bretag"]
[Site "Rennes"]
[Date "2009.07.21"]
[Round "9.2"]
[White "Bratanov, Zsivko"]
[Black "Sriram, Jha"]
[Result "1/2-1/2"]
[WhiteElo "2456"]
[BlackElo "2459"]
[PlyCount "58"]
[EventDate "2009.08.21"]
[EventType "swiss"]
[EventRounds "9"]
[EventCountry "FRA"]

1. e4 e5 2. Nf3 Nc6 3. Bb5 a6 4. Ba4 Nf6 5. O-O Be7 6. d3 d6 7. c3 O-O 8. Re1
b5 9. Bc2 Bb7 10. Nbd2 Nb8 11. Nf1 Re8 12. Ng3 Bf8 13. h3 g6 14. Nh2 Bg7 15. f4
exf4 16. Bxf4 c5 17. Qd2 Nc6 18. Rad1 d5 19. e5 Nd7 20. d4 cxd4 21. cxd4 f6 22.
Bb3 Nxd4 23. Qxd4 fxe5 24. Bxd5+ Kh8 25. Qd2 Bxd5 26. Bg5 Qb6+ 27. Be3 Bh6 28.
Kh1 Bxe3 29. Rxe3 Nf6 1/2-1/2

[Event "2ème Open International de Haute-Bretag"]
[Site "Rennes"]
[Date "2009.??.??"]
[Round "9.3"]
[White "Song, Julien"]
[Black "Dobrev, Nanko"]
[Result "0-1"]
[WhiteElo "2319"]
[BlackElo "2352"]
[PlyCount "108"]
[EventDate "2009.08.21"]
[EventType "swiss"]
[EventRounds "9"]
[EventCountry "FRA"]

1. d4 d5 2. Nf3 Nf6 3. c4 e6 4. Bg5 Be7 5. Nc3 O-O 6. e3 b6 7. Qb3 Bb7 8. Bxf6
Bxf6 9. cxd5 exd5 10. Rd1 Re8 11. Be2 c6 12. O-O Nd7 13. Rd2 Nf8 14. Rc1 Qd6
15. a3 Ne6 16. h4 Rad8 17. Qa4 Qb8 18. b4 c5 19. bxc5 bxc5 20. Rb1 Qa8 21. Qa5
Rc8 22. Nb5 cxd4 23. exd4 Be7 24. Qxa7 Bc6 25. a4 Rb8 26. Qxa8 Rxa8 27. Ne5
Rec8 28. Nxc6 Rxc6 29. Bf3 Rxa4 30. Bxd5 Rb6 31. Bxe6 fxe6 32. g3 Rb4 33. Rxb4
Bxb4 34. Re2 Rxb5 35. Rxe6 Rd5 36. Re4 Bc3 37. Kg2 Bxd4 38. Rf4 Bc5 39. Rf3 Rd7
40. Rf5 Ba7 41. Ra5 Kf7 42. Kh3 Kf6 43. Kg4 Rd4+ 44. f4 Bb6 45. Rb5 Rd6 46. h5
Kf7 47. Rf5+ Ke7 48. Re5+ Re6 49. Rg5 Bd4 50. Rd5 Bc3 51. Kf3 Rd6 52. Rxd6 Kxd6
53. h6 g6 54. f5 Ke5 0-1

[Event "2ème Open International de Haute-Bretag"]
[Site "Rennes"]
[Date "2009.??.??"]
[Round "9.4"]
[White "Mladenov, Plamen"]
[Black "Fomichenko, Eduard"]
[Result "0-1"]
[WhiteElo "2362"]
[BlackElo "2512"]
[PlyCount "104"]
[EventDate "2009.08.21"]
[EventType "swiss"]
[EventRounds "9"]
[EventCountry "FRA"]

1. d4 d5 2. Nf3 c6 3. c4 Nf6 4. cxd5 cxd5 5. Nc3 Nc6 6. Bf4 Bf5 7. Rc1 Qb6 8.
Na4 Qa5+ 9. Bd2 Qd8 10. Qb3 Bc8 11. e3 e6 12. Bb5 Bd7 13. Nc5 Bxc5 14. Rxc5 Ne4
15. Rc2 O-O 16. O-O Nxd2 17. Nxd2 Qa5 18. Be2 Rab8 19. Rfc1 Rfc8 20. a3 g6 21.
Qb5 Qd8 22. Qc5 Be8 23. b4 b6 24. Qc3 Ne7 25. Qb2 Rxc2 26. Rxc2 Rc8 27. Ba6
Rxc2 28. Qxc2 Nf5 29. Bd3 Nd6 30. h3 Kf8 31. Nf3 Qc8 32. Qxc8 Nxc8 33. Kf1 Nd6
34. Nd2 Ke7 35. Ke1 Bb5 36. Bxb5 Nxb5 37. Nb1 Nd6 38. Nc3 Nc4 39. a4 a6 40. Ke2
h5 41. Kd3 Nd6 42. e4 dxe4+ 43. Nxe4 Nxe4 44. Kxe4 Kd6 45. h4 b5 46. a5 f6 47.
f4 Kc6 48. Ke3 Kd6 49. Ke4 Kc6 50. g3 Kd6 51. Ke3 Kd5 52. Kd3 f5 0-1

[Event "2ème Open International de Haute-Bretag"]
[Site "Rennes"]
[Date "2009.07.21"]
[Round "9.5"]
[White "Le Roux, Jean Pierre"]
[Black "Le Goff, Damien"]
[Result "1-0"]
[WhiteElo "2485"]
[BlackElo "2270"]
[PlyCount "65"]
[EventDate "2009.08.21"]
[EventType "swiss"]
[EventRounds "9"]
[EventCountry "FRA"]

1. d4 e6 2. Nf3 Nf6 3. g3 b5 4. Bg2 Bb7 5. O-O c5 6. a4 b4 7. dxc5 Bxc5 8. a5
O-O 9. c3 Na6 10. cxb4 Nxb4 11. Nc3 d5 12. Bd2 Qe7 13. Na2 Ba6 14. Nxb4 Bxb4
15. Nd4 Rfc8 16. Rc1 Rxc1 17. Qxc1 Qc5 18. Nc2 Bxd2 19. Qxd2 Rc8 20. Nd4 g6 21.
Rd1 Kg7 22. b4 Qc4 23. Qf4 e5 24. Qxe5 Qxb4 25. Qg5 Bd3 26. Rxd3 Qe1+ 27. Bf1
Rc1 28. Nf5+ Kg8 29. Ne3 Ne4 30. Qf4 Nc3 31. Kg2 Nxe2 32. Bxe2 Qxe2 33. Rxd5
1-0

[Event "2ème Open International de Haute-Bretag"]
[Site "Rennes"]
[Date "2009.??.??"]
[Round "9.6"]
[White "Andonov, Bogomil"]
[Black "Foisor, Sabina Francesca"]
[Result "1/2-1/2"]
[WhiteElo "2311"]
[BlackElo "2304"]
[PlyCount "128"]
[EventDate "2009.08.21"]
[EventType "swiss"]
[EventRounds "9"]
[EventCountry "FRA"]

1. Nf3 g6 2. d4 Bg7 3. c4 c5 4. e4 cxd4 5. Nxd4 Nc6 6. Be3 Nf6 7. Nc3 d6 8. Be2
O-O 9. Qd2 a6 10. f3 Nxd4 11. Bxd4 Be6 12. Rc1 Qa5 13. Be3 Rfc8 14. b3 Nd7 15.
Nd5 Qxd2+ 16. Kxd2 Bxd5 17. cxd5 Kf8 18. b4 e6 19. dxe6 fxe6 20. Rxc8+ Rxc8 21.
Rc1 Rxc1 22. Kxc1 Ke7 23. Kc2 Nb8 24. Bc4 Nc6 25. a3 b5 26. Ba2 Kd7 27. f4 Bf6
28. Bc1 Bd4 29. Kd3 Bf6 30. g4 a5 31. bxa5 Nxa5 32. f5 exf5 33. exf5 gxf5 34.
gxf5 Kc6 35. Bg8 h5 36. Bf7 Nb7 37. Bxh5 Nc5+ 38. Kc2 d5 39. Bf4 Na4 40. Bg3
Nb6 41. Be8+ Kc5 42. Bf2+ d4 43. Kd3 Nc4 44. Bxb5 Nxa3 45. Ba6 Nb1 46. h4 Nc3
47. h5 Nd5 48. Ke4 Ne3 49. Be2 Nd5 50. Kf3 Kd6 51. h6 Ne3 52. Ke4 Ke7 53. h7
Kf8 54. Bh4 Bh8 55. f6 d3 56. Bxd3 Ng4 57. Kf5 Nh6+ 58. Ke6 Nf7 59. Bg6 Nd8+
60. Kf5 Nf7 61. Bxf7 Kxf7 62. Bg5 Bg7 63. Bh4 Bh8 64. Bg5 Bg7 1/2-1/2

[Event "2ème Open International de Haute-Bretag"]
[Site "Rennes"]
[Date "2009.07.21"]
[Round "9.7"]
[White "Terrieux, Kevin"]
[Black "Crouan, Stephane"]
[Result "1/2-1/2"]
[WhiteElo "2442"]
[BlackElo "2234"]
[PlyCount "43"]
[EventDate "2009.08.21"]
[EventType "swiss"]
[EventRounds "9"]
[EventCountry "FRA"]

1. e4 e5 2. Nf3 Nc6 3. Bb5 Nf6 4. O-O Nxe4 5. d4 Nd6 6. Bxc6 dxc6 7. dxe5 Nf5
8. Qxd8+ Kxd8 9. h3 h6 10. Nc3 Bd7 11. Rd1 Kc8 12. g4 Ne7 13. Bf4 b6 14. Rd3 c5
15. Rad1 Be6 16. Bg3 Kb7 17. a3 a5 18. Nh2 g5 19. Nf1 Bg7 20. Ne4 Nc6 21. Nf6
Bxf6 22. exf6 1/2-1/2

[Event "2ème Open International de Haute-Bretag"]
[Site "Rennes"]
[Date "2009.07.21"]
[Round "9.8"]
[White "Mocquard, Yves"]
[Black "Jolly, Jean Francois"]
[Result "0-1"]
[WhiteElo "2030"]
[BlackElo "2366"]
[PlyCount "66"]
[EventDate "2009.08.21"]
[EventType "swiss"]
[EventRounds "9"]
[EventCountry "FRA"]

1. d4 Nf6 2. c4 e6 3. Nc3 Bb4 4. e3 b6 5. Nge2 c5 6. a3 Ba5 7. g3 Ba6 8. Bg2
Nc6 9. d5 exd5 10. cxd5 Ne5 11. O-O Bxc3 12. bxc3 O-O 13. e4 d6 14. Bg5 h6 15.
Bxf6 Qxf6 16. f4 Nc4 17. Qa4 Na5 18. e5 dxe5 19. Rae1 exf4 20. Rxf4 Qd6 21. Re4
Qxd5 22. Nf4 Qd2 23. Rd1 Qxc3 24. Nd5 Qb2 25. Rg4 Be2 26. Ne7+ Kh8 27. Bxa8
Bxg4 28. Qxg4 Qe5 29. Be4 Qxe7 30. Rd7 Qe5 31. Rxa7 f5 32. Bxf5 Rxf5 33. Rxg7
Qe1+ 0-1

[Event "2ème Open International de Haute-Bretag"]
[Site "Rennes"]
[Date "2009.07.21"]
[Round "9.10"]
[White "Quellec, Yannick"]
[Black "Milchev, Nikolay"]
[Result "0-1"]
[WhiteElo "1900"]
[BlackElo "2351"]
[PlyCount "58"]
[EventDate "2009.08.21"]
[EventType "swiss"]
[EventRounds "9"]
[EventCountry "FRA"]

1. e4 e5 2. Nf3 Nc6 3. Bb5 Nf6 4. O-O Nxe4 5. Re1 Nd6 6. Nxe5 Nxe5 7. Rxe5+ Be7
8. Ba4 O-O 9. d4 Bf6 10. Re1 Re8 11. c3 b5 12. Bc2 Bb7 13. Nd2 g6 14. Nf1 Ne4
15. Bxe4 Bxe4 16. Ng3 Bd5 17. Bh6 d6 18. Rxe8+ Qxe8 19. Qd2 Qd7 20. a3 Re8 21.
Re1 a5 22. f3 Bd8 23. Ne4 f6 24. Qf4 f5 25. Rf1 fxe4 26. fxe4 Bf7 27. e5 dxe5
28. dxe5 Qe6 29. Qd4 Be7 0-1

[Event "2ème Open International de Haute-Bretag"]
[Site "Rennes"]
[Date "2009.??.??"]
[Round "9.11"]
[White "Collier, Timothy"]
[Black "Mandon, Fabrice"]
[Result "1/2-1/2"]
[WhiteElo "1920"]
[BlackElo "2251"]
[PlyCount "116"]
[EventDate "2009.08.21"]
[EventType "swiss"]
[EventRounds "9"]
[EventCountry "FRA"]

1. e4 c5 2. a3 Nf6 3. e5 Nd5 4. Nf3 Qc7 5. Bc4 Nb6 6. Ba2 Nc6 7. Qe2 e6 8. d3
d5 9. Nbd2 Nd7 10. O-O Ndxe5 11. Nxe5 Qxe5 12. Qxe5 Nxe5 13. Re1 Bd6 14. Bxd5
exd5 15. f4 f6 16. Nf3 O-O 17. fxe5 fxe5 18. Nxe5 Bf5 19. Bd2 Rae8 20. Nf3 c4
21. Rxe8 Rxe8 22. Re1 Rxe1+ 23. Nxe1 Kf7 24. Be3 Be5 25. d4 Bd6 26. c3 Be4 27.
g3 Ke6 28. Kf2 Kf5 29. h3 b5 30. g4+ Ke6 31. Nf3 Bxf3 32. Kxf3 Kf6 33. h4 g6
34. Bh6 Ke6 35. Kg2 a5 36. Kf2 Be7 37. Kg3 Bd6+ 38. Kf3 b4 39. a4 Kf7 40. Kg2
Be7 41. Kh3 Bd6 42. Kg2 Ke6 43. Kf2 Be7 44. Kg3 Bd8 45. Kh3 Bc7 46. Kg2 b3 47.
Kf3 Bd6 48. Kg2 Ba3 49. Bc1 Be7 50. Kh3 h5 51. Kg3 Bd6+ 52. Kh3 Bc7 53. Bg5 Bd6
54. Be3 Be7 55. Bd2 Bf6 56. Bc1 Be7 57. Be3 Bd6 58. Bd2 Bc7 1/2-1/2

[Event "2ème Open International de Haute-Bretag"]
[Site "Rennes"]
[Date "2009.??.??"]
[Round "9.12"]
[White "Fomichenko, Svetlana"]
[Black "Palacios Aguilar, Diego Andre"]
[Result "1-0"]
[WhiteElo "2245"]
[BlackElo "1894"]
[PlyCount "77"]
[EventDate "2009.08.21"]
[EventType "swiss"]
[EventRounds "9"]
[EventCountry "FRA"]

1. e4 c5 2. Nf3 Nc6 3. d4 cxd4 4. Nxd4 Nf6 5. Nc3 e5 6. Ndb5 d6 7. Bg5 a6 8.
Na3 b5 9. Nd5 Be7 10. Bxf6 Bxf6 11. c3 Bg5 12. Nc2 O-O 13. a4 bxa4 14. Rxa4 a5
15. Bc4 Rb8 16. b3 Kh8 17. Nce3 Bxe3 18. Nxe3 Ne7 19. O-O f5 20. exf5 Nxf5 21.
Nxf5 Bxf5 22. Qd5 Bc2 23. Ra2 Bg6 24. Qxa5 Qxa5 25. Rxa5 Bc2 26. Ra3 Rfd8 27.
Bd5 Rb5 28. Be6 d5 29. c4 dxc4 30. bxc4 Rc5 31. Bd5 g5 32. f3 Rd7 33. Re1 Re7
34. Rae3 h6 35. Kf2 Kg7 36. Rxe5 Rxe5 37. Rxe5 Bd3 38. Ke3 Bf1 39. Kd4 1-0

[Event "2ème Open International de Haute-Bretag"]
[Site "Rennes"]
[Date "2009.??.??"]
[Round "9.13"]
[White "Theon, Pierre"]
[Black "Taube, Gregor"]
[Result "0-1"]
[WhiteElo "2121"]
[BlackElo "1835"]
[PlyCount "48"]
[EventDate "2009.08.21"]
[EventType "swiss"]
[EventRounds "9"]
[EventCountry "FRA"]

1. e4 e5 2. Nc3 Nf6 3. f4 exf4 4. e5 Qe7 5. Qe2 Ng8 6. Nf3 b6 7. Qe4 Nc6 8. d4
f5 9. Qxf5 Bb7 10. Bxf4 O-O-O 11. Bg5 Qb4 12. Bxd8 Qxb2 13. Qxf8 Qxc3+ 14. Kf2
Nxd8 15. Rd1 Nf6 16. Qxh8 Ne4+ 17. Ke2 Qxc2+ 18. Rd2 Nxd2 19. Nxd2 Ba6+ 20. Ke3
Qc3+ 21. Ke4 Bb7+ 22. Kf5 Qxd2 23. Qxg7 Qf2+ 24. Kg5 Ne6+ 0-1

[Event "2ème Open International de Haute-Bretag"]
[Site "Rennes"]
[Date "2009.??.??"]
[Round "9.14"]
[White "Rachid, Danial"]
[Black "Dubessay, Bastien"]
[Result "1/2-1/2"]
[WhiteElo "1910"]
[BlackElo "2168"]
[PlyCount "32"]
[EventDate "2009.08.21"]
[EventType "swiss"]
[EventRounds "9"]
[EventCountry "FRA"]

1. e4 c5 2. Nc3 d6 3. f4 Nc6 4. Bc4 g6 5. d3 Bg7 6. Nf3 e6 7. O-O Nge7 8. Qe1
O-O 9. f5 gxf5 10. Qh4 Ng6 11. Qh5 Nce5 12. Bg5 Bf6 13. Bh6 Nxc4 14. dxc4 f4
15. Rad1 Re8 16. e5 Nxe5 1/2-1/2

[Event "2ème Open International de Haute-Bretag"]
[Site "Rennes"]
[Date "2009.??.??"]
[Round "9.15"]
[White "Heyman, Jacques"]
[Black "Suez Panama, Gilles"]
[Result "0-1"]
[WhiteElo "1855"]
[BlackElo "2122"]
[PlyCount "128"]
[EventDate "2009.08.21"]
[EventType "swiss"]
[EventRounds "9"]
[EventCountry "FRA"]

1. d4 Nf6 2. Nf3 g6 3. Bg5 Bg7 4. Nbd2 O-O 5. e3 d6 6. Be2 Nc6 7. h3 Bf5 8. c3
a5 9. O-O Qc8 10. Bxf6 exf6 11. Re1 Ne7 12. Nh2 Bd7 13. Bg4 f5 14. Bf3 Rb8 15.
Rc1 Rd8 16. Nc4 a4 17. Nd2 b5 18. a3 Be6 19. Qc2 c5 20. g4 Qd7 21. Qd3 fxg4 22.
hxg4 f5 23. Qe2 fxg4 24. Bxg4 Bxg4 25. Nxg4 h5 26. Nh2 Qf5 27. Kh1 Rf8 28. f3
Qe6 29. dxc5 dxc5 30. Ne4 c4 31. Qg2 Rbd8 32. Rc2 Rd5 33. Rce2 Rfd8 34. Ng5 Qc6
35. Ne4 Nf5 36. Qf2 Rd3 37. Ng3 Ne7 38. Ne4 Bh6 39. Qg2 Bg7 40. Qf2 Nf5 41. Ng3
Nxg3+ 42. Qxg3 Rd1 43. e4 Rxe1+ 44. Qxe1 Be5 45. Nf1 Qf6 46. Kg2 Qg5+ 47. Kh1
Qf4 48. Rf2 Qh4+ 49. Kg2 Rd3 50. Qe2 Bf4 51. Qe1 Kg7 52. e5 Qg5+ 53. Kh1 Qh4+
54. Kg2 Qg5+ 55. Kh1 Bxe5 56. Qe2 Qh4+ 57. Kg2 Qg5+ 58. Kh1 Qf4 59. Nd2 Re3 60.
Qd1 Qh4+ 61. Kg1 Bg3 62. Re2 Bh2+ 63. Kf1 Qh3+ 64. Rg2 Bg3 0-1

[Event "2ème Open International de Haute-Bretag"]
[Site "Rennes"]
[Date "2009.??.??"]
[Round "9.16"]
[White "Caroff, Frederic"]
[Black "Purenne, Benoit"]
[Result "1-0"]
[WhiteElo "2119"]
[BlackElo "1885"]
[PlyCount "47"]
[EventDate "2009.08.21"]
[EventType "swiss"]
[EventRounds "9"]
[EventCountry "FRA"]

1. b4 Nf6 2. Bb2 e6 3. b5 d5 4. e3 Bd6 5. Nf3 Nbd7 6. c4 dxc4 7. Bxc4 Nb6 8.
Be2 O-O 9. Nc3 Bd7 10. a4 c6 11. Qb1 Re8 12. a5 Nbd5 13. Nxd5 cxd5 14. Be5 Bxe5
15. Nxe5 Ne4 16. Bd3 f5 17. Bxe4 dxe4 18. d4 Qc7 19. O-O Rec8 20. Qb4 Qd8 21.
Qd6 Be8 22. Qxe6+ Kh8 23. Qxf5 Qe7 24. Qxe4 1-0